000 00550nam a2200205Ia 4500
003 GCL
008 140319s9999 xx 000 0 ara d
040 _aGCL /
_cGCL
082 0 4 _a790.13
_bك ه
100 1 _aهوراس
245 1 0 _aهوايات للمتعة والربح /
_cهوراس
700 1 _aكون
700 1 _aمحمد امين محمد سلوم (مترجم)
300 _a296
490 _aالالف كتاب
_v0
650 0 4 _aالترفيه
650 0 4 _aوقت الفراغ
650 0 4 _aالهوايات
942 _2ddc
_cBK
999 _c44167
_d44167